2022 NBA Awards - Statistics

General Stats
  • This quiz has been taken 112 times
  • The average score is 5 of 6
Answer Stats
Hint Answer % Correct
MVP Nikola Jokic
99%
DPOY Marcus Smart
86%
MIP Ja Morant
77%
ROTY Scottie Barnes
76%
6MOY Tyler Herro
75%
COTY Monty Williams
63%
No matching quizzes found
Score Distribution
Percent of People with Each Score
Percentile by Number Answered
Your Score History
You have not taken this quiz